000 00572nam a2200229 a 4500
999 _c7507
_d7507
001 7507
003 BD-JhCC
005 20180215095635.0
008 180211s1983 enka|||| ||a| 000 0 eng d
020 _a0395327784
035 _a(BD-JhCC)7507
040 _aBD-JhCC
_dBD-JhCC
041 _aeng
082 _a973
_bOAT 1983
100 _aOates, Stephen B.
245 _aPortrait of America /
_cStephen B. Oates
260 _aLondon :
_bHoughton Mifflin Company,
_c1983.
300 _a400 p. :
_c24 cm.
650 _aUnited States
942 _2ddc
_cBK